000 00357nam a2200133Ia 4500
008 210210b1958 xxu||||| |||| 00| 0 eng d
082 _a158.7 HARI
100 _aHARRELL (Thomas Willard).
245 _aIndustrial Psychology.
260 _aND
_bOxford & IBH publishing Co.
_c1958
300 _axiv,398
690 _aIndustrial Psychology
906 _aSG02294
999 _c113484
_d113484